| 000 | 01580cad a2200265 4500 | ||
|---|---|---|---|
| 001 | L151094 | ||
| 008 | 060613n2010 000 0 eng u | ||
| 020 | _a9780203875933 | ||
| 035 | _a(Sirsi) u151094 | ||
| 041 | _aeng | ||
| 050 | _a692.5 $2 18 | ||
| 100 | _aSpain, Bryan | ||
| 245 |
_aSpon's first stage estimating handbook _h[electronic resource] |
||
| 250 | _a3rd ed. | ||
| 260 |
_aAbingdon _bTaylor & Francis _c2010 |
||
| 300 | _aeBook | ||
| 505 | 2 | _a1 Costs per square metre -- 2 Costs per unit -- 3 Elemental costs -- 4 Composite and principal rates -- 5 Indices and regional variations -- 6 Property insurance -- 7 Professional fees -- 8 Useful addresses -- 9 Estimating data | |
| 520 | _aThis eBook is the only comprehensive and reliable source of first stage estimating costs. Covering the whole spectrum of building costs and a wide range of related M&E work and landscaping work, vital cost data is presented as: costs per square metre; elemental cost analyses; principal rates; and, composite rates. This eBook is ideal for those key early meetings with clients. And with additional sections on whole life costing and general information, this is an essential reference for all construction professionals and clients making early judgements on the viability of new projects. | ||
| 590 | _aka ntk | ||
| 650 | 2 | 4 | _aEBOOK |
| 651 |
_aUnited Kingdom _y |
||
| 690 | _aBUILT ENVIRONMENT-QUANTITY SURVEYING-CONSTRUCTION COST ESTIMATING | ||
| 856 |
_uhttps://www.vlebooks.com/ _zView on VLEbooks. Logins for members only from [email protected] |
||
| 942 | _n0 | ||
| 999 |
_c111147 _d111147 |
||